000
00299nam a22001337a 4500
008
170504b xxu||||| |||| 00| 0 eng d
020
_a
9780195132496
041
_a
eng
080
_a
342
100
_a
13
101
_a
SHJ
245
_a
AGAINTS CAPITAL PUNISHMENT
_c
HAINES.H.H
942
_2
udc
_c
BK
999
_c
12609
_d
12609